000 01116nam a2200229Ia 4500
999 _c51359
_d51359
001 18341
003 GE_BSU
005 20250318145915.0
008 181216s2015||||ge |||||||||||||| ||geo||
020 _a9789941077180
040 _cGE_BSU
041 _ageo
080 _a793.3(479.22) ს-56
100 _aსიხარულიძე. გივი
_924597
245 _aდიდება შენს საქმეს თემურ!=Glory to your job, Temur! :
_b[ქორეოგრაფი თემურ ბიბილეიშვილი] /
_c გივი სიხარულიძე ; რედაქტორი ნინო რეხვიაშვილი.
264 _aთბილისი :
_bნინო რეხვიაშვილის გამ-ბა,
_c2015.
300 _a270 გვ.:
_bილ.;
_c28 სმ.
653 _aბიბილეიშვილი, თემურ
653 _aქართველი მოცეკვავეები
700 _aრეხვიაშვილი, ნინო
_eრედაქტორი
_924598
942 _cBK
_2udc